000 00564 a2200181 4500
003 OSt
005 20231102133713.0
008 231102b |||||||| |||| 00| 0 eng d
020 _a9789391600211
040 _coclc
082 _a297.1221
_bAZA/Q
100 _a Azad, Maulana Abul Kalam
_91842
245 _aQuran Adisthana Thathwangal
_b= Basic concepts of the Quran, /
_cMaulana Abdul Kalam Azad
250 _a3rd ed.
260 _aKerala:
_bOther books,
_c2022.
300 _a121 p
942 _2ddc
_cBK
_h297.1221
_iAZA/Q
_k297.1221
_mAZA/Q
999 _c42743
_d42743